[Event "AUTO-OPEN-1019"]
[Site "http://www.queenalice.com/game.php?id=356227"]
[Date "2008.2.18"]
[Round "1"]
[White "b1001k"]
[Black "filatelista"]
[Result "1-0"]
[WhiteElo "1855"]
[BlackElo "2239"]

1. Nf3 d5 2. c4 d4 3. g3 c5 4. Bg2 Nc6 5. O-O e5 6. d3 h6 7. e3 Nf6 8. Re1 Bd6
9. Nbd2 Bf5 10. exd4 cxd4 11. c5 Bc7 12. Nc4 Bd7 13. Nfxe5 O-O 14. Bf4 Nxe5 15.
Bxe5 Bxe5 16. Nxe5 Qc7 17. Rc1 Rae8 18. Nxd7 Nxd7 19. Rxe8 Rxe8 20. Qa4 Re5 21.
b4 a6 22. f4 Re3 23. c6 Nb8 24. b5 Rxd3 25. Be4 Rd2 26. b6 Qe7 27. Re1 Nxc6 28.
Bh7+ 1-0

[Event "AUTO-OPEN-1019"]
[Site "http://www.queenalice.com/game.php?id=356228"]
[Date "2008.2.18"]
[Round "1"]
[White "filatelista"]
[Black "b1001k"]
[Result "0-1"]
[WhiteElo "2109"]
[BlackElo "1940"]

1. Nf3 Nf6 2. d4 d5 3. Bf4 c5 4. c3 e6 5. Na3 a6 6. e3 Bd6 7. Bg5 O-O 8. Nc2 Re8
9. Be2 Nbd7 10. O-O Qb6 11. b3 Ne4 12. Qd3 Qc7 13. Bh4 b5 14. c4 Bb7 15. Rab1 e5
16. Rfe1 b4 17. cxd5 Nc3 18. dxe5 Nxe5 19. Nxe5 Rxe5 20. Bf3 Nxb1 21. Rxb1 a5
22. e4 Ba6 23. Qd2 c4 24. Bg3 c3 25. Qe3 Ree8 26. Bxd6 Qxd6 27. Re1 f6 28. Nd4
g6 29. Bg4 Bc8 30. Ne6 Bxe6 31. Bxe6+ Rxe6 32. dxe6 Rc8 33. Qe2 Qxe6 34. Qd3 Qc6
35. Rd1 a4 36. Qc2 axb3 37. axb3 Qa6 38. h3 Qa3 39. Rb1 Rd8 40. Qe2 Qa5 41. Qc4+
Kg7 42. Qc6 Rd2 0-1

[Event "AUTO-OPEN-1024"]
[Site "http://www.queenalice.com/game.php?id=358260"]
[Date "2008.2.21"]
[Round "1"]
[White "coffeesean"]
[Black "b1001k"]
[Result "0-1"]
[WhiteElo "1488"]
[BlackElo "1732"]

1. e4 c5 2. c4 Nc6 3. Nc3 g6 4. Nf3 Bg7 5. Nd5 e6 6. Ne3 Nf6 7. Bd3 e5 8. a3 O-O
9. O-O a5 10. Qc2 Nd4 11. Qc3 Nxe4 12. Nxd4 Nxc3 13. dxc3 exd4 14. cxd4 Bxd4 15.
Nd5 b6 16. Bh6 Re8 17. Rfe1 Rxe1+ 18. Rxe1 Bxf2+ 19. Kxf2 Qh4+ 20. g3 Qxh6 21.
Nxb6 Rb8 22. Re8+ Kg7 23. Nxc8 Qxh2+ 24. Kf3 Qxb2 25. Re2 Qf6+ 26. Kg2 Rxc8 27.
Kh3 Qc3 28. Re3 Qc1 29. Bxg6 Qxe3 30. Kh4 hxg6 31. g4 Rh8# 0-1

[Event "AUTO-OPEN-1024"]
[Site "http://www.queenalice.com/game.php?id=358261"]
[Date "2008.2.21"]
[Round "1"]
[White "b1001k"]
[Black "coffeesean"]
[Result "1-0"]
[WhiteElo "1701"]
[BlackElo "1488"]

1. d4 Nf6 2. c4 d5 3. cxd5 Qxd5 4. Nc3 Qc4 5. e4 Qb4 6. a3 Qb6 7. Bc4 Nxe4 8.
Nxe4 h6 9. Qf3 f5 10. Nc3 Qxd4 11. Qe2 c5 12. Nd5 Kd7 13. Nf3 Qe4 14. Qxe4 fxe4
15. Ne5+ Ke6 16. Ng6 b5 17. Nxh8 Na6 18. Nc7+ Kd6 19. Nxb5+ Kc6 20. Nf7 Kd7 21.
Bf4 e5 22. O-O-O+ Ke7 23. Nxe5 Kf6 24. Nd6 Bxd6 25. Rxd6+ Kf5 26. Bg3 Nc7 27. f3
exf3 28. Bd3+ Kg5 29. Rg6+ Kh5 30. Be4 Bg4 31. Rxg4 g5 32. Bg6# 1-0

[Event "AUTO-OPEN-1024"]
[Site "http://www.queenalice.com/game.php?id=358286"]
[Date "2008.2.21"]
[Round "1"]
[White "b1001k"]
[Black "Fischercat"]
[Result "1-0"]
[WhiteElo "1500"]
[BlackElo "1914"]

1. d4 d5 2. c4 dxc4 3. Nf3 Qd5 4. Nc3 Qf5 5. e4 Qh5 6. Bxc4 Bg4 7. Qb3 b6 8. Ne5
Be6 9. Bxe6 fxe6 10. Qxe6 Nf6 11. Qc8# 1-0

[Event "AUTO-OPEN-1024"]
[Site "http://www.queenalice.com/game.php?id=358287"]
[Date "2008.2.21"]
[Round "1"]
[White "Fischercat"]
[Black "b1001k"]
[Result "0-1"]
[WhiteElo "1712"]
[BlackElo "1805"]

1. e4 e5 2. Nf3 Nc6 3. Bc4 Bc5 4. d3 Nf6 5. O-O d6 6. Nc3 Bg4 7. h3 Bh5 8. Nd5
Nxd5 9. Bxd5 O-O 10. c3 a5 11. Bg5 Bxf3 12. Qxf3 Qxg5 13. Bxc6 bxc6 14. Rac1 Ra6
15. Rfd1 Re8 16. Rc2 a4 17. d4 exd4 18. cxd4 Ba7 19. d5 Qg6 20. Rxc6 Rxc6 21.
dxc6 Qxe4 22. Qg3 Qxc6 23. Qg4 Qc2 24. Rd5 Qxf2+ 25. Kh2 Qe1 26. Rd1 Qe5+ 27.
Kh1 Qe2 28. Qxe2 Rxe2 29. Rd5 Rxb2 30. Ra5 Rb1+ 31. Kh2 Bg1+ 32. Kg3 g6 33. Rxa4
c5 34. Ra6 d5 35. Kf3 d4 36. Ke4 c4 37. Rc6 c3 38. Kd3 Rb2 39. a4 Ra2 40. Rc4 f5
0-1

[Event "Challenge"]
[Site "http://www.queenalice.com/game.php?id=374386"]
[Date "2008.3.20"]
[Round "-"]
[White "Pedro_tdi"]
[Black "b1001k"]
[Result "0-1"]
[WhiteElo "1896"]
[BlackElo "2031"]

1. e4 c5 2. c3 d5 3. exd5 Qxd5 4. Nf3 e6 5. b3 Nc6 6. Bc4 Qe4+ 7. Qe2 Qxe2+ 8.
Bxe2 Nf6 9. O-O Be7 10. Na3 O-O 11. Nc2 b6 12. d4 Bb7 13. Be3 Nd5 0-1

[Event "Challenge"]
[Site "http://www.queenalice.com/game.php?id=374387"]
[Date "2008.3.20"]
[Round "-"]
[White "b1001k"]
[Black "Pedro_tdi"]
[Result "1-0"]
[WhiteElo "2126"]
[BlackElo "1891"]

1. d4 d5 2. c4 c6 3. Nf3 Nf6 4. Nc3 Bg4 5. Ne5 Nbd7 6. Nxg4 Nxg4 7. e4 Nh6 8.
cxd5 cxd5 9. exd5 g6 10. Qb3 Nf5 11. Qa4 Bg7 12. Be3 O-O 13. O-O-O Nb6 14. Qb4
Qd7 15. Bb5 Qd6 16. Qxd6 Nxd6 17. Bd3 Rac8 18. Kb1 Rfd8 19. Rhe1 Ne8 20. Bg5 Bf6
21. Bxf6 exf6 22. Be4 f5 23. Bf3 Nf6 24. Re7 Rd7 25. Rxd7 Nbxd7 26. d6 b6 27.
Re1 1-0

[Event "Challenge"]
[Site "http://www.queenalice.com/game.php?id=391734"]
[Date "2008.4.22"]
[Round "-"]
[White "b1001k"]
[Black "rhsatrhs"]
[Result "1-0"]
[WhiteElo "1916"]
[BlackElo "1855"]

1. e4 c5 2. Nf3 d6 3. d4 cxd4 4. Nxd4 Nf6 5. Nc3 a6 6. Bg5 e6 7. f4 Be7 8. Qf3
h6 9. Bh4 g5 10. fxg5 hxg5 11. Bxg5 b5 12. Bxf6 Bxf6 13. e5 Ra7 14. exf6 Bb7 15.
Qe3 Qxf6 16. Ndxb5 axb5 17. Qxa7 Qe5+ 18. Kd1 Qh5+ 19. Be2 1-0

[Event "AUTO-OPEN-1024"]
[Site "http://www.queenalice.com/game.php?id=412187"]
[Date "2008.6.3"]
[Round "2"]
[White "b1001k"]
[Black "felipebasso"]
[Result "1/2-1/2"]
[WhiteElo "2134"]
[BlackElo "1932"]

1. d4 d5 2. c4 e6 3. Nf3 Nc6 4. Nc3 Bb4 5. a3 Bxc3+ 6. bxc3 dxc4 7. e4 b5 8. a4
Ba6 9. axb5 Bxb5 10. d5 exd5 11. exd5 Qe7+ 12. Be3 O-O-O 13. Nd4 Rxd5 14. Qg4+
Kb7 15. Qxg7 Nxd4 16. cxd4 Qb4+ 17. Ke2 Qb2+ 18. Kf3 Qxa1 19. Qxh8 Qd1+ 20. Kg3
Ne7 21. h4 Nf5+ 22. Kh2 Nxe3 23. Bxc4 Bxc4 24. Rxd1 Nxd1 25. Qxh7 Nxf2 26. Qc2
Ng4+ 27. Kg3 Ne3 28. Qb2+ Kc8 29. Kf4 Nf5 30. h5 Nh6 31. Qc3 Rf5+ 32. Kg3 Be6
33. d5 Rg5+ 34. Kf4 Rf5+ 35. Kg3 1/2-1/2

[Event "AUTO-OPEN-1024"]
[Site "http://www.queenalice.com/game.php?id=412192"]
[Date "2008.6.3"]
[Round "2"]
[White "b1001k"]
[Black "neijrodrigues"]
[Result "1-0"]
[WhiteElo "2097"]
[BlackElo "2150"]

1. d4 d5 2. c4 e6 3. Nf3 Nf6 4. Nc3 Be7 5. Bg5 O-O 6. e3 c6 7. Bd3 dxc4 8. Bxc4
b5 9. Bd3 a6 10. a3 c5 11. Bxf6 Bxf6 12. Qc2 h6 13. dxc5 Bb7 14. Be4 Nc6 15. O-O
Qc7 16. b4 g5 17. Rad1 g4 18. Nd4 Ne5 19. Bxb7 Qxb7 20. Qe4 Qc7 21. Nce2 Kh8 22.
Nf4 Rg8 23. Nh5 Bh4 24. f4 Nc4 25. Nxe6 fxe6 26. g3 Qf7 27. gxh4 Qxh5 28. Rd7
Qf5 29. Qd4+ e5 30. fxe5 Qxe5 31. Rff7 Rg6 32. Rd8+ Rxd8 33. Qxd8+ Rg8 34. Qf6+
1-0

[Event "AUTO-OPEN-1024"]
[Site "http://www.queenalice.com/game.php?id=412193"]
[Date "2008.6.3"]
[Round "2"]
[White "neijrodrigues"]
[Black "b1001k"]
[Result "0-1"]
[WhiteElo "2150"]
[BlackElo "2116"]

1. Nf3 d5 2. g3 c5 3. Bg2 Nc6 4. d3 e5 5. Nbd2 Be7 6. e4 Nf6 7. exd5 Nxd5 8. O-O
O-O 9. Re1 f6 10. Nb3 Bg4 11. h3 Bh5 12. Be3 Nxe3 13. fxe3 Qc7 14. g4 Bf7 15.
Nh4 Rfd8 16. Qf3 Nb4 17. Re2 c4 18. Qxb7 Qxb7 19. Bxb7 Rab8 20. Na5 cxd3 21.
cxd3 Nxd3 22. Bg2 Be8 23. Nf5 Bf8 24. b3 g6 25. Ng3 Rbc8 26. Nc4 Bb5 27. Rc2 Bh6
28. Nf1 f5 29. a4 Bxc4 30. Rxc4 Rxc4 31. bxc4 e4 32. gxf5 gxf5 0-1

[Event "AUTO-OPEN-1019"]
[Site "http://www.queenalice.com/game.php?id=413838"]
[Date "2008.6.6"]
[Round "2"]
[White "b1001k"]
[Black "chessman"]
[Result "1-0"]
[WhiteElo "2046"]
[BlackElo "2029"]

1. d4 Nf6 2. c4 c5 3. d5 b5 4. cxb5 a6 5. bxa6 Bxa6 6. Nc3 d6 7. g3 g6 8. Nf3
Bg7 9. Bg2 O-O 10. Rb1 Nbd7 11. O-O Qa5 12. Bd2 Qc7 13. Re1 Rfb8 14. Qc2 Nb6 15.
e4 Nc4 16. Bg5 Ne8 17. b3 Na3 18. Qd2 Nxb1 19. Rxb1 Bc8 20. Rc1 e6 21. dxe6 Bxe6
22. Bf4 Qa5 23. e5 d5 24. Nxd5 Qxd2 25. Nxd2 Rxa2 26. Ne7+ Kf8 27. Nc6 Rc8 28.
Be3 f6 29. Bxc5+ Kf7 30. Nc4 Bh6 31. Re1 Bxc4 32. bxc4 Nc7 33. exf6 Bf8 34. Ne5+
Kg8 35. Bh3 Bxc5 36. f7+ Kg7 37. Nd3 Bxf2+ 38. Nxf2 Rf8 39. Ne4 Rfa8 40. Rf1 Kf8
41. Nf6 Kxf7 42. Nd5+ Kg7 43. Nxc7 Rb8 44. c5 Rbb2 45. Ne6+ Kh6 46. c6 Rxh2 47.
Ra1 Rac2 48. Nd4 Rxh3 49. Nxc2 Rxg3+ 50. Kf2 Rc3 51. Nd4 Kg5 52. Ra2 1-0

[Event "AUTO-OPEN-1019"]
[Site "http://www.queenalice.com/game.php?id=413839"]
[Date "2008.6.6"]
[Round "2"]
[White "chessman"]
[Black "b1001k"]
[Result "0-1"]
[WhiteElo "2027"]
[BlackElo "2006"]

1. e4 e6 2. d4 d5 3. e5 c5 4. c3 Qb6 5. f4 Nc6 6. Nf3 Nh6 7. Bd3 Bd7 8. Bc2 Be7
9. a3 O-O 10. b4 cxd4 11. cxd4 a5 12. bxa5 Qxa5+ 13. Bd2 Qb6 14. Bc3 Na5 15. O-O
Nc4 16. Qd3 g6 17. h4 Nf5 18. h5 Ng7 19. h6 Nf5 20. g4 Nxh6 21. Nh2 Nxa3 22.
Nxa3 Bxa3 23. f5 exf5 24. Bd2 Bb5 25. Rfb1 Bxd3 26. Rxb6 Bxc2 27. Bxh6 Bc5 28.
Rxa8 Rxa8 29. Rxb7 Bxd4+ 30. Kg2 Bxe5 0-1

[Event "Challenge"]
[Site "http://www.queenalice.com/game.php?id=417043"]
[Date "2008.6.13"]
[Round "-"]
[White "Patibong"]
[Black "b1001k"]
[Result "0-1"]
[WhiteElo "2033"]
[BlackElo "1978"]

1. e4 e6 2. Nf3 d5 3. exd5 exd5 4. d4 Bd6 5. Be2 Nc6 6. O-O Nge7 7. Nc3 Bg4 8.
h3 Bf5 9. Bg5 f6 10. Bh4 Qd7 11. Bb5 g5 12. Nxg5 fxg5 13. Bxg5 O-O-O 14. Re1
Rhg8 15. Bxc6 bxc6 16. Bxe7 Bxe7 17. Qe2 Bxh3 18. Qxe7 Qg4 19. g3 Qf3 20. Qe6+
Bxe6 21. Rxe6 Rdf8 22. Re2 Rf6 23. Rae1 Rh6 0-1

[Event "Challenge"]
[Site "http://www.queenalice.com/game.php?id=417434"]
[Date "2008.6.14"]
[Round "-"]
[White "b1001k"]
[Black "Patibong"]
[Result "1-0"]
[WhiteElo "2076"]
[BlackElo "2042"]

1. d4 d5 2. c4 c6 3. Nf3 Nf6 4. Nc3 e6 5. Bg5 Be7 6. e3 O-O 7. Bd3 Nbd7 8. O-O
h6 9. Bh4 dxc4 10. Bxc4 Nd5 11. Bxe7 Qxe7 12. Rc1 Qb4 13. Bb3 N7f6 14. Re1 Bd7
15. Ne5 Rad8 16. Qd3 Bc8 17. h3 Nb6 18. Rc2 Nbd7 19. Qc4 Qxc4 20. Nxc4 Nd5 21.
e4 Nxc3 22. bxc3 c5 23. Rd2 b5 24. Nd6 c4 25. Bc2 a6 26. e5 Nb6 27. Be4 Nd5 28.
Bxd5 exd5 29. a3 Bd7 30. f4 Rb8 31. f5 Rfe8 32. Nxe8 Rxe8 33. g4 Rb8 34. e6 Be8
35. Re5 fxe6 36. fxe6 Bc6 37. e7 a5 38. Rde2 Be8 39. Rxd5 Kf7 40. Rf5+ Kg8 41.
Ree5 b4 42. axb4 axb4 43. cxb4 c3 44. Rc5 Rxb4 45. Rf8+ Kh7 46. Rxe8 Rb1+ 47.
Kg2 Rb2+ 48. Kg3 c2 49. Rxc2 1-0

[Event "AUTO-OPEN-1019"]
[Site "http://www.queenalice.com/game.php?id=470904"]
[Date "2008.10.1"]
[Round "3"]
[White "rubenov"]
[Black "b1001k"]
[Result "0-1"]
[WhiteElo "2077"]
[BlackElo "2133"]

1. d4 d5 2. Bg5 f6 3. Bh4 Nh6 4. Bg3 Nc6 5. e3 Bf5 6. a3 e5 7. dxe5 fxe5 8. Bb5
Qd6 9. Nf3 O-O-O 10. Bxc6 Qxc6 11. c3 Qb6 12. Bxe5 Qxb2 13. c4 d4 14. Bxd4 Qxa1
0-1

[Event "AUTO-OPEN-1019"]
[Site "http://www.queenalice.com/game.php?id=470905"]
[Date "2008.10.1"]
[Round "3"]
[White "b1001k"]
[Black "rubenov"]
[Result "1/2-1/2"]
[WhiteElo "2143"]
[BlackElo "2049"]

1. d4 b6 2. c4 Bb7 3. Nc3 Nf6 4. Qc2 e6 5. Bg5 Be7 6. f3 h6 7. Bh4 d5 8. cxd5
Nxd5 9. Bxe7 Qxe7 10. e4 Nxc3 11. Qxc3 O-O 12. Bc4 c5 13. Ne2 cxd4 14. Nxd4 Nc6
15. Nxc6 Bxc6 16. O-O b5 17. Bb3 Rac8 18. Qe3 a6 19. Rfd1 a5 20. a4 Qb4 21. Rd4
Qc5 22. axb5 1/2-1/2

[Event "Let's Play Chess!"]
[Site "http://www.queenalice.com/game.php?id=564410"]
[Date "2009.3.31"]
[Round "-"]
[White "Lapluma"]
[Black "b1001k"]
[Result "0-1"]
[WhiteElo "2127"]
[BlackElo "2140"]

1. d4 d5 2. c4 c6 3. cxd5 cxd5 4. Nc3 e6 5. Nf3 Nc6 6. e3 Nf6 7. Bb5 Bd7 8. O-O
Bd6 9. Bxc6 Bxc6 10. Ne5 Rc8 11. f4 O-O 12. Bd2 Qb6 13. Qb3 Qxb3 14. axb3 a6 15.
Rfc1 Rfd8 16. g3 Be8 17. Kg2 Bb4 18. Kf3 Nd7 19. Nd3 Be7 20. Na4 f6 21. Ba5 Rxc1
22. Rxc1 Rb8 23. Nc3 Bg6 24. Ke2 b6 25. Bb4 Bxd3+ 26. Kxd3 Bxb4 27. Ne2 Kf7 28.
Rc7 Ke7 29. Rc6 e5 30. Nc3 Bxc3 31. bxc3 e4+ 32. Kd2 Kd8 33. Rd6 Ke7 34. Rxd5 g6
35. c4 f5 36. h3 Ke6 37. Kc3 b5 38. Kc2 h5 39. Kc3 Rb6 40. g4 Rd6 41. gxf5+ gxf5
42. Rxd6+ Kxd6 43. Kb4 Nf6 44. Ka5 bxc4 45. bxc4 Nd7 46. Kxa6 Kc6 47. d5+ Kc5
48. Kb7 Kxc4 49. Kc7 Nf6 50. d6 Kd3 51. d7 Nxd7 0-1